Memorias de la lucha libre /

Anécdotas alrededor de la vieja lucha libre mexicana.

Guardado en:
Detalles Bibliográficos
Autor principal: Olivera Figueroa, Rafael (autor)
Formato: Libro
Idioma:Español
Publicado: México : Costa-Amic, 1999, c1999
Temas:
Etiquetas: Agrega una etiqueta
Sin etiquetas, Sé el primero en etiquetar este registro!

MARC

LEADER 00000nam^a2200000^a^4500
001 000105713
005 20250521000000.0
009 20260310093509.6
020 |a 968-459-013-X 
037 |a Acervo ITESO - Biblioteca 
041 |a ESP 
082 |a 796. 8123  |b OLI 
100 |a Olivera Figueroa, Rafael  |e (autor) 
245 1 0 |a Memorias de la lucha libre /  |c R. Olivera Figueroa. 
264 4 |a México :  |b Costa-Amic,  |c 1999, c1999 
300 |a 223 p. 
336 |a texto  |b txt  |2 rdacontenido 
337 |a sin mediación  |b n  |2 rdamedio 
338 |a volumen  |b nc  |2 rdasoporte 
520 |a Anécdotas alrededor de la vieja lucha libre mexicana. 
649 |a XX 
650 |a Lucha (Deporte) -  |z México -  |x Historia 
650 |a Deportistas Profesionales Mexicanos 
910 |a Fondo General 
920 |a Impresos - Libros 
930 |a Colección General 
905 |a 101 
901 |a 0500041451  |b IT1  |c ACC  |u 20250521 
902 |a https://opac.biblio.iteso.mx/vufind/Record/000105713